00270nam a2200109Ia 4500008004100000100001500041245003200056250001200088260004400100300000800144650000800152191201s2010 xx 000 0 und d aSHEKHAR,KC 0aBanking Theory and Practice a2nd IMP aN. DelhibVikas Publication Housec2010 a934 aMBA